Archivo Provincial de Alava, A.P.A.: Tomo I: Fondo Samaniego (Inventario de documentos) / Tomo I:
Descripción Física:
XV, 493 p., [5] f. de làm., negre i col, [5] f. pleg. , 25 cm
Colección:
Serie 2: Fondos Especiales
MARC
| LEADER | 00000nam a2200000Ia 4500 | ||
|---|---|---|---|
| 001 | 1604 | ||
| 008 | 160829s1984 xx 000 0 cat d | ||
| 080 | |a A-1-250 | ||
| 100 | |a Urdiain Martínez, María Camino |9 19598 | ||
| 245 | |a Archivo Provincial de Alava, A.P.A.: |b Tomo I: |b Fondo Samaniego (Inventario de documentos) / |c Ma Camino Udiain Martinez | ||
| 260 | |a [Vitoria] : |b Diputación Foral de Alava, |c 1984 | ||
| 300 | |a XV, 493 p., [5] f. de làm., negre i col, [5] f. pleg. , 25 cm | ||
| 490 | |a Serie 2: Fondos Especiales | ||
| 650 | |a Archivo Províncial de Álava |x Catàlegs |9 19879 | ||
| 650 | |a Samaniego (Família) |x Arxius |x Catàlegs |9 19600 | ||
| 710 | 1 | |a Àlaba (País Basc). |b Diputación Foral |9 54505 | |
| 901 | |a Arxiu | ||
| 942 | |n 1 | ||
| 952 | |0 0 |1 0 |4 0 |6 A1250 |7 1 |9 41282 |a Arxiu |b Arxiu |d 2016-12-01 |l 0 |o A-1-250 |p 1604 |r 2016-12-01 00:00:00 |w 2016-12-01 |y ARXIU | ||
| 999 | |c 43065 |d 43065 | ||